000 00969nam a22002897a 4500
001 0074
003 DO-SdBNP
005 20230522113940.0
007 0074
008 151118b1981 sp| 00| 0 spa d
020 _a8431016825
040 _aBPMSU
_bspa
_cBPMSU
082 _a928.63
_bC419S 1981
_222
100 1 _aSotillos, Eugenio
245 1 0 _aCervantes :
_bel creador de Don Quijote /
_cTexto E. Sotillos; guión E. M. Fariñas; dibujos A. Sánchez; Portada Bosch Penalva.
250 _a6a ed.
260 _aBarcelona :
_bEdiciones Toray,
_c1981.
300 _a198 p. :
_bil. ;
_c23 cm.
490 0 _aHombres famosos,
_v1
590 _6Inventariado, 2023/VM
600 1 4 _aCervantes Saavedra, Miguel de,
_d1547-1616
_935
650 4 _aBiografías
650 4 _aNovela gráfica
_xHistoria y crítica
_zEspaña
650 4 _aTiras cómicas, historietas, etc
_xHistoria y crítica
_zEspaña
910 _aLPérez/ VMateo V. Control de calidad (BPMSU)
942 _2ddc
_cBK
999 _c8791
_d8791